000 00450nam a2200169Ia 4500
003 LK-CoDNM
005 20240806144214.0
008 010623t1882 xxu||||| |||| 00| 1 eng d
040 _aLK-CoDNM
_dLK-CoDNM
_eLK-CoDNM
041 _aeng
080 _a16
_bL41
100 _aBeal,Samuel.
245 _aAbstract of four Lectures on Buddhist Literature in China.
260 _bTrubner Co.
_aLondon
_c1882
300 _bxvi, 251p. ; 22 cm
942 _cBK
999 _c82362
_d82362